A morte de Ivan Ilitch / (Record no. 369)

MARC details
000 -LÍDER
campo de controle de tamanho fixo 01105nam a22003017a 4500
001 - NÚMERO DE CONTROLE
campo de controle 369
003 - IDENTIFICADOR DO NÚMERO DE CONTROLE
campo de controle OSt
005 - DATA E HORÁRIO DA ÚLTIMA TRANSAÇÃO
campo de controle 20250528074019.0
008 - CAMPO DE DADOS FIXOS--INFORMAÇÃO GERAL
campo de controle de tamanho fixo 250402b |||||||e |||| 00| f eng d
020 ## - ISBN - INTERNATIONAL STANDARD BOOK NUMBER
ISBN - International Standard Book Number 8521000332
040 ## - FONTE DA CATALOGAÇÃO
Idioma da catalogação por
041 ## - CÓDIGO DE IDIOMA
Código do idioma do original e/ou traduções intermediárias do texto rus
Código do idioma do texto/trilha sonora ou título diferente por
082 ## - CDD - CLASSIFICAÇÃO DECIMAL DE DEWEY
Número de Classificação 891.73
Número do exemplar T654m
100 1# - ENTRADA PRINCIPAL--NOME PESSOAL
Nome pessoal Tolstoi, Liev
Datas associadas ao nome 1828- 1920
9 (RLIN) 757
240 ## - TÍTULO UNIFORME
Título uniforme Смерть Ивана Ильича
245 ## - TÍTULO
Título A morte de Ivan Ilitch /
Indicação de responsabilidade, etc. Tolstoi, Leão ; Tradução de Carlos Lacerda
260 ## - PUBLICAÇÃO, DISTRIBUIÇÃO, ETC.
Local de publicação, distribuição, etc. Rio de Janeiro
Nome do editor, distribuidor, etc. Lacerda
Data da publicação, distribuição, etc. 1997
300 ## - DESCRIÇÃO FÍSICA
Extensão 91 p.
520 ## - NOTA DE RESUMO, ETC.
Resumo, etc. Mais conhecido por seus romances mais longos, como "Guerra e Paz" e "Anna Karenina", o Conde Tolstoi mostra ser um mestre também na novela curta. Através da história de um burocrata medíocre, Tolstoi nos leva a explorar os recônditos da alma de todo ser humano.
650 #0 - ASSUNTO--TERMO TÓPICO
Cabeçalho tópico ou nome geográfico Literatura Russa
9 (RLIN) 195
650 #0 - ASSUNTO--TERMO TÓPICO
Cabeçalho tópico ou nome geográfico Busca de sentido
9 (RLIN) 763
650 #0 - ASSUNTO--TERMO TÓPICO
Cabeçalho tópico ou nome geográfico Futilidade nas relações
9 (RLIN) 764
650 #0 - ASSUNTO--TERMO TÓPICO
Cabeçalho tópico ou nome geográfico Morte Evidente
9 (RLIN) 765
655 #0 - TERMO DE ÍNDICE--GÊNERO E FORMA
Gênero/forma/ou termo foco Romance
655 #0 - TERMO DE ÍNDICE--GÊNERO E FORMA
Gênero/forma/ou termo foco Ficção
700 1# - ENTRADA ADICIONADA - NOME PESSOAL
Nome pessoal Lacerda, Carlos,
Datas associadas ao nome 1914-1977
Função do autor por extenso TRADUTOR
942 ## - ELEMENTOS DE ENTRADA ADICIONADOS (KOHA)
Fonte de classificação ou esquema de arquivamento Classificação decimal de Dewey
Ocultar no OPAC Não
Tipo de material Koha Livros
Holdings
Situação do descarte Situação das perdas Fonte de classificação ou esquema de arquivamento Status danificado Não pode ser emprestado Biblioteca de origem Biblioteca atual Localização na estante Data de aquisição Fonte de aquisição Total de empréstimos Número de chamada completo Código de barras Data de último acesso Data do preço efetivo Tipo de material Koha
    Classificação decimal de Dewey     Biblioteca Professor Eduardo Afonso de Castro Biblioteca Professor Eduardo Afonso de Castro Literatura Estrangeira 02.04.2025 doação   891.73 / T654m 2025-1932 02.04.2025 02.04.2025 Livros

Powered by Koha